000 00397nam a2200181Ia 4500
008 240509s9999 xx 000 0 und d
020 _a0000743468600
041 _aEng
082 _a658.4
082 _bC58
100 _aCOVEY, S.R.
245 0 _aPRINCIPLE CENTERED LEADERSHIP
260 _bTORONTO : POCKET BOOKS
260 _c1990
300 _a332 p.
942 _2ddc
942 _cRBK
999 _c22414
_d22414
945 _a1
_bMadushi Gamage
_c1
_dMadushi Gamage